| 000 | 00356nam a2200145Ia 4500 | ||
|---|---|---|---|
| 008 | 150201s2011 xx 000 0 und d | ||
| 082 |
_a611 _bE2011K |
||
| 100 | _aKAZI,S.N. | ||
| 245 | _aEXAM -ORIENTED ANATOMY ABOVE | ||
| 250 | _a1ST | ||
| 260 |
_bC.B.S PUBLISHERS & DISTRIBUTERS _aDELHI _c2011 |
||
| 300 | _a1-388 | ||
| 650 | _aANATOMY | ||
| 942 |
_2ddc _cBK |
||
| 999 |
_c4726 _d4726 |
||